000
00400nam a2200133Ia 4500
008
100328s9999 xx 000 0 und d
082
_b
65627
100
_a
काळे दिनेश.
245
_a
निशब्द शांतता.
260
_b
सानिया.
630
_a
निशब्द शांतता.
730
_a
निशब्द शांतता.
942
_c
BOOK
999
_c
551372
_d
551369